000 00690nam a2200121Ia 4500
008 220620s9999||||xx |||||||||||||| ||und||
100 _avan Heur, Bas
245 0 _aCreative Networks and the City
_bTowards a Cultural Political Economy of Aesthetic Production
546 _aEnglish[eng]
650 _aSociology||Urban||City||Policy||Economy||Culture||Creativity||Urbanity||Urban Studies||Cultural Industry||Cultural Geography||Cultural Studies||Sociology
856 _uhttps://library.oapen.org/bitstream/20.500.12657/25382/1/1004714.pdf||https://library.oapen.org/bitstream/20.500.12657/25382/1/1004714.pdf||https://library.oapen.org/bitstream/20.500.12657/25382/1/1004714.pdf
942 _cEB
999 _c25164
_d25164